Relatos de Ucrania / (Record no. 193475)

MARC details
000 -LEADER
campo de control de longitud fija 02626nam a2200409 i 4500
001 - NÚMERO DE CONTROL
campo de control 193475
003 - IDENTIFICADOR DE NÚMERO DE CONTROL
campo de control SpMaBN
005 - FECHA Y HORA DE LA ÚLTIMA TRANSACCIÓN
campo de control 20250722142128.0
007 - CAMPO FIJO DE DESCRIPCIÓN FÍSICA--INFORMACIÓN GENERAL
campo de control de longitud fija ta
008 - DATOS DE LONGITUD FIJA--INFORMACIÓN GENERAL
campo de control de longitud fija 240102s2022 sp a | |||| 000 j spa
017 ## - NÚMERO DE COPYRIGHT O DE DEPÓSITO LEGAL
Número de copyright o de depósito legal M 17843-2022
Agencia que asigna Oficina Depósito Legal Madrid
020 ## - NÚMERO INTERNACIONAL ESTÁNDAR DEL LIBRO
Número Internacional Estándar del Libro 9788418922299
035 ## - NÚMERO DE CONTROL DEL SISTEMA
Número de control de sistema a7143027
040 ## - FUENTE DE CATALOGACIÓN
Centro catalogador/agencia de origen SpMaBN
Lengua de catalogación spa
Centro/agencia transcriptor SpMaBN
Normas de descripción rda
Centro/agencia modificador ES-MaACL
080 ## - NÚMERO DE LA CLASIFICACIÓN DECIMAL UNIVERSAL
Número de la Clasificación Decimal Universal 821.134.2-32"19"
080 ## - NÚMERO DE LA CLASIFICACIÓN DECIMAL UNIVERSAL
Número de la Clasificación Decimal Universal 908(477)(0:82)
100 1# - ENTRADA PRINCIPAL--NOMBRE DE PERSONA
Nombre de persona López Expósito, Ana María
Término indicativo de función/relación Autor
9 (RLIN) 176562
245 10 - MENCIÓN DEL TÍTULO
Título Relatos de Ucrania /
Mención de responsabilidad, etc. Ana María López Expósito ; ilustraciones de Paz Rodero.
250 ## - MENCION DE EDICION
Mención de edición 1.ª edición junio de 2022
264 #1 - PRODUCCIÓN, PUBLICACIÓN, DISTRIBUCIÓN, FABRICACIÓN Y COPYRIGHT
Producción, publicación, distribución, fabricación y copyright Madrid :
Nombre del de productor, editor, distribuidor, fabricante Diwan Mayrit,
Fecha de producción, publicación, distribución, fabricación o copyright [2022]
300 ## - DESCRIPCIÓN FÍSICA
Extensión 92 páginas :
Otras características físicas ilustraciones (blanco y negro) ;
Dimensiones 21 cm
336 ## - TIPO DE CONTENIDO
Término de tipo de contenido Texto
Fuente rdacontent
337 ## - TIPO DE MEDIO
Nombre/término del tipo de medio sin mediación
Fuente rdamedia
338 ## - TIPO DE SOPORTE
Nombre/término del tipo de soporte volumen
Fuente rdacarrier
520 ## - RESUMEN, ETC.
Sumario, etc. Un fin de semana Katerina volvió a ir a la biblioteca. Tomó el libro de La Luna de la estantería. Con paso seguro se dirigió hacia la puerta trasera de la biblioteca, que conducía al jardín, situado junto al Puente de los Deseos. Se sentó en el banco de piedra, en un rincón del puente protegido del frío y del viento. Abrió el libro y empezó a leer en voz alta en un ucraniano melódico. Al cabo de un rato cerró los ojos. Traía preparada una pregunta un poco especial, que había estado madurando varias semanas antes, cuando la luna se encontraba en cuarto menguante; época ideal para la reflexión y las preguntas (según decía el libro). Se trataba, sobre todo, de una pregunta que siempre había temido hacer, pero aquel día, con más confianza en sí misma, volvió a sentirse audaz: ―¿De quién soy hija? ¿Por qué me abandonaron mis padres en el orfanato, querida Luna? Entonces, la luna le respondió con una voz pausada pero firme, narrando sueños fantásticos: ―Tú eres hija de la hermosa princesa Nataska de Kiev... La autora
651 #0 - PUNTO DE ACCESO ADICIONAL DE MATERIA--NOMBRE GEOGRÁFICO
Nombre geográfico Ucrania-
Subdivisión de forma Cuentos
9 (RLIN) 234765
655 #7 - TERMINO DE INDIZACIÓN--GENERO/FORMA
Datos o término principal de género/forma Cuentos
Fuente del término tgfbne
9 (RLIN) 226829
655 #7 - TERMINO DE INDIZACIÓN--GENERO/FORMA
Datos o término principal de género/forma Antologías
Fuente del término tgfbne
9 (RLIN) 176540
700 ## - ENTRADA AGREGADA--NOMBRE PERSONAL
Nombre de persona Rodero, Paz,
Fechas asociadas al nombre 1957-
9 (RLIN) 234660
852 ## - LOCALIZACIÓN
Ubicación ES-MaACL
Sublocalización o colección R.154843
Ubicación en estantería Depósito J
itemnumber 200953
Número de control de estantería N-9728
Donativo/Legado Donación: Ana María López Exposito
Anotaciones manuscritas Dedicatoria autógrafa de la autora
Encuadernación Encuadernación rústica con solapas
903 ## - NOMBRE PERSONAL DE DONANTE
a López Expósito, Ana María
e Donante
9 176562
942 ## - ELEMENTOS DE ENTRADA SECUNDARIOS (KOHA)
Suprimir en OPAC No
Tipo de ítem Koha Libro impreso
Holdings
Estatus retirado Estado de pérdida Fuente del sistema de clasificación o colocación Estado de daño No para préstamo Colección Biblioteca de origen Biblioteca actual Ubicación en estantería Fecha de adquisición Fuente de adquisición Número de control de estantería Total de préstamos Signatura topográfica completa Código de barras Visto por última vez Precio de reemplazo Tipo de ítem Koha Nota pública
    Clasificación decimal universal     Libros con dedicatorias Biblioteca del Ateneo de Madrid Biblioteca del Ateneo de Madrid Depósito J 16/11/2023 Donación Ateneísta   N-9728 101206233 02/01/2024 02/01/2024 Libro impreso Dedicatoria autógrafa de la autora